Estadísticas para Mapa de Asia Pixelada

Haz click aquí para tomar la prueba!

Estadísticas generales

  • Esta prueba ha sido tomada 754 veces
  • La puntuación promedio es 269 de 283

Estadísticas de respuestas

País % Correcto
China
100%
India
99%
Japón
97%
Mongolia
97%
Irán
95%
Indonesia
95%
Arabia Saudita
94%
Corea del Norte
94%
Pakistán
94%
Corea del Sur
94%
Kazajistán
93%
Yemen
93%
Irak
92%
Tailandia
91%
Vietnam
91%
Nepal
91%
Omán
91%
Sri Lanka
90%
Turquía
89%
Afganistán
88%
Laos
88%
Uzbekistán
87%
Malasia
87%
Siria
87%
Filipinas
87%
Camboya
85%
Emiratos Árabes Unidos
84%
Myanmar
84%
Tayikistán
83%
Turkmenistán
82%
Kirguistán
80%
Georgia
78%
Jordania
78%
Azerbaiyán
78%

Distribución de puntuación

Porcentaje por número respondido

Porcentaje de gente con cada puntuación

Historial de tus puntuaciones

No has tomado esta prueba